| 000 | 00683cam a2200217 a 4500 | ||
|---|---|---|---|
| 001 | 000009869 | ||
| 005 | 20200929161735.0 | ||
| 008 | 770125s1975 ve f000 0 spa | ||
| 040 |
_aDO-SdBNP _cDLC _dDLC |
||
| 082 |
_aV863.3 _bT716d |
||
| 100 | 1 |
_aTosta García, Francisco, _d1852-1921. _918056 |
|
| 245 | 1 | 3 |
_aEl 19 de abril / _cFrancisco Tosta García. |
| 260 |
_aCaracas : _bOficina Central de Información, _c1975. |
||
| 300 |
_a257 p. ; _c18 cm. |
||
| 490 | 1 |
_aEpisodios venezolanos _v1 |
|
| 650 | 4 |
_aNovela venezolana _93962 |
|
| 650 | 4 |
_aLiteratura venezolana _93816 |
|
| 830 | 0 |
_aEpisodios venezolanos ; _v1 _918058 |
|
| 910 | _aCatalogación por copia / LC | ||
| 049 | _aBNGR | ||
| 999 |
_c9628 _d9628 |
||